Pattern recognition in diagnostic imaging (Record no. 32324)

MARC details
000 -LEADER
fixed length control field 00832nam a2200217 a 4500
008 - FIXED-LENGTH DATA ELEMENTS--GENERAL INFORMATION
fixed length control field 120619s2001 ||||||||||||||||| || u
020 ## - INTERNATIONAL STANDARD BOOK NUMBER
International Standard Book Number 9241546328
050 ## - LIBRARY OF CONGRESS CALL NUMBER
Classification number RC 941 Cor (BOX 230)
100 ## - MAIN ENTRY--PERSONAL NAME
Personal name Corr, Peter
245 10 - TITLE STATEMENT
Title Pattern recognition in diagnostic imaging
Statement of responsibility, etc. by Peter Corr
260 ## - PUBLICATION, DISTRIBUTION, ETC.
Place of publication, distribution, etc. Geneva:
Name of publisher, distributor, etc. WHO
Date of publication, distribution, etc. 2001
300 ## - PHYSICAL DESCRIPTION
Extent x, 205p.: ill.
500 ## - GENERAL NOTE
General note Blue Trunk Library Collection (WHO).
650 ## - SUBJECT ADDED ENTRY--TOPICAL TERM
Topical term or geographic name entry element RADIOGRAPHY, THORACIC--METHODS
650 ## - SUBJECT ADDED ENTRY--TOPICAL TERM
Topical term or geographic name entry element MANUALS
650 ## - SUBJECT ADDED ENTRY--TOPICAL TERM
Topical term or geographic name entry element DIAGNOSTIC IMAGING--METHODS
650 ## - SUBJECT ADDED ENTRY--TOPICAL TERM
Topical term or geographic name entry element PATTERN RECOGNITION
650 ## - SUBJECT ADDED ENTRY--TOPICAL TERM
Topical term or geographic name entry element MUSCULOSKELETAL SYSTEM--RADIOGRAPHY
650 ## - SUBJECT ADDED ENTRY--TOPICAL TERM
Topical term or geographic name entry element RADIOGRAPHY, ABDOMINAL--METHODS
995 ## -
-- MEDICAL LIBRARY OPEN ACCESS
-- 743154
-- CBU-SCHOOL OF MEDICINE LIBRARY (Ndola)
-- BTL RC 941 Cor (230)
-- 1
-- AVAILABLE
-- Aug 9, 2012
-- 743154
-- Medical Library Open Access Collection
999 ## -
-- 32324
-- 32324
Holdings
Withdrawn status Lost status Source of classification or shelving scheme Damaged status Not for loan Permanent Location Current Location Shelving location Date acquired Total Checkouts Full call number Barcode Date last seen Price effective from Koha item type
          CBU-SCHOOL OF MEDICINE LIBRARY, NDOLA. CBU-SCHOOL OF MEDICINE LIBRARY, NDOLA.   11/30/2022   RC 941 Cor (BOX 230) 743154 11/30/2022 11/30/2022 MONOGRAPH